000 00975nam a2200289 i 4500
001 000032024
003 DO-SdBNP
005 20250729134105.0
007 ta
008 100219s1994 dr 000 0 spa d
040 _aDO-SdBNP
_bspa
_cBNPHU
_erda
041 _aspa
082 4 _a342.729302
_bR426con 1994
_222
110 1 _aRepública Dominicana.
_9447
240 1 3 _aConstitución (1994)
245 1 0 _aConstitución política de la República Dominicana :
_bproclamada el 14 de agosto de 1994.
264 _aSanto Domingo, República Dominicana :
_b[s.n.],
_c1994.
300 _a85 páginas ;
_c14 cm.
336 _atexto
_btxt
_2rdacontent
337 _asin mediación
_bn
_2rdamedia
338 _avolumen
_bnc
_2rdacarrier
590 _aInventariado, 2018/MFF
651 4 _aRepública Dominicana
_xConstitución, 1994
_935348
651 4 _aRepública Dominicana
_xDerecho Constitucional
_99303
910 _aValidado. Control de calidad MFF
942 _2ddc
_cLBS1
999 _c31515
_d31515